Estadísticas para Máximos goleadores de la Premier League 2014-2015

Haz click aquí para intentar la prueba.

Estadísticas generales

  • Esta prueba ha sido intentada 50 veces
  • La puntuación promedio es 8 de 12

Estadísticas de respuestas

GolesNationalidadEquipoJugador% Correcto
26ArgentinaManchester CitySergio Agüero
100%
21InglaterraTottenham HotspurHarry Kane
97%
16ChileArsenalAlexis Sánchez
95%
14BélgicaChelseaEden Hazard
92%
12EspañaManchester CityDavid Silva
90%
20EspañaChelseaDiego Costa
87%
14FranciaArsenalOlivier Giroud
85%
12InglaterraManchester UnitedWayne Rooney
85%
12ItaliaSouthamptonGraziano Pellè
49%
13BélgicaAston VillaChristian Benteke
44%
18InglaterraQueens Park RangersCharlie Austin
5%
14InglaterraWest Bromwich AlbionSaido Berahino
3%

Distribución de puntuación

Porcentaje por número respondido

Porcentaje de gente con cada puntuación

Historial de tus puntuaciones

No has intentado esta prueba.